Countries with Population of 5-8 million Quiz Stats

 Plays Quiz not verified by Sporcle

Challenge
Share
Tweet
Embed
Score 0/21 Timer 05:00
0 Plays Today
% Correct
Denmark
74.6%
Finland
74.6%
Slovakia
71.1%
Honduras
68.4%
Israel
66.7%
Switzerland
66.7%
Jordan
66.7%
Nicaragua
64%
Paraguay
62.3%
El Salvador
62.3%
Turkmenistan
59.6%
% Correct
Tajikistan
58.8%
Togo
58.8%
Laos
58.8%
Singapore
58.8%
Bulgaria
56.1%
Kyrgyzstan
53.5%
Eritrea
51.8%
Sierra Leone
50.9%
Libya
46.5%
Papua New Guinea
40.4%

You're not logged in!

Compare scores with friends on all Sporcle quizzes.
OR
Log In

You Might Also Like...

Show Comments

Extras

Top Quizzes Today


Score Distribution

Your Account Isn't Verified!

In order to create a playlist on Sporcle, you need to verify the email address you used during registration. Go to your Sporcle Settings to finish the process.

Report this User

Report this user for behavior that violates our Community Guidelines.

Details: